000 01000nam a2200313Ia 4500
003 OSt
005 20221007121145.0
006 a|||||r|||| 00| 0
007 ta
008 221006b |||||||| |||| 00| 0 eng d
020 _a9781439819951 (hbk)
024 _a162323
037 _b157, 04/11/2011, N R Book Distributors
_cTextual
040 _aBDL
_cBDL
_beng
041 _2eng
_aeng
082 _aG11:66, Q2 Carb
100 _aRogers Scott, Orland
_9433389
245 0 _aIntegrated moleculer evolution
260 _aUSA
_bCRC Press
_c2012
300 _axv;359p. Include CD-ROM
_ccm.
500 _aInclude bibliographical references 337-341p; Index 343-359p
650 _a Divareplication
_9710837
650 _a Earth evolution
_9710838
650 _a Endoymbionts
_9710839
650 _a Phylogenetics
650 _aBotany
942 _hG11:66, Q2 Carb
_cTEXL
_2CC
999 _c1208501
_d1208501